00836 2200337 4500001002100000005001700021006001900038008004100057020002200098035002500120090001400145100001700159245002100176260003100197700001500228990001700243990001700260990001700277990001700294990001700311990001700328990001700345990001700362990001700379990001700396990001700413990001700430990001700447990001700464990001700481INLIS00000000000849720140311104930.0a ||| | 180719| ||| |  a978-979-063-642-2 a0010-081300000000134 a813 GON l0 aTias Tatanka00aAnak-Anak Pabrik aJakartabzikrul kidsc20110 aGol A Gong a8664/PN/2013 a8664/PN/2013 a9018/PN/2013 a9018/PN/2013 a8664/PN/2013 a8664/PN/2013 a9018/PN/2013 a9018/PN/2013 a8664/PN/2013 a9018/PN/2013 a8664/PN/2013 a8664/PN/2013 a9018/PN/2013 a8664/PN/2013 a9018/PN/2013